Social Theory after the Internet (Record no. 32238)
[ view plain ]
| 000 -LEADER | |
|---|---|
| fixed length control field | 00737nam a2200121Ia 4500 |
| 008 - FIXED-LENGTH DATA ELEMENTS--GENERAL INFORMATION | |
| fixed length control field | 220620s9999||||xx |||||||||||||| ||und|| |
| 100 ## - MAIN ENTRY--PERSONAL NAME | |
| Personal name | Schroeder, Ralph |
| 245 #0 - TITLE STATEMENT | |
| Title | Social Theory after the Internet |
| Remainder of title | Media, Technology and Globalization |
| 546 ## - LANGUAGE NOTE | |
| Language note | English[eng] |
| 650 ## - SUBJECT ADDED ENTRY--TOPICAL TERM | |
| Topical term or geographic name entry element | big data||globalization||media||internet||technology||world wide web||culture||Sweden||media & communications||United States||China||Digital media||Facebook||Google||India||Populism||Social media||Twitter||Web search engine |
| 856 ## - ELECTRONIC LOCATION AND ACCESS | |
| Uniform Resource Identifier | <a href="https://library.oapen.org/bitstream/20.500.12657/30862/1/641519.pdf||https://library.oapen.org/bitstream/20.500.12657/30862/1/641519.pdf||https://library.oapen.org/bitstream/20.500.12657/30862/1/641519.pdf">https://library.oapen.org/bitstream/20.500.12657/30862/1/641519.pdf||https://library.oapen.org/bitstream/20.500.12657/30862/1/641519.pdf||https://library.oapen.org/bitstream/20.500.12657/30862/1/641519.pdf</a> |
| 942 ## - ADDED ENTRY ELEMENTS (KOHA) | |
| Koha item type | E-Books |
| Withdrawn status | Lost status | Damaged status | Not for loan | Home library | Current library | Date acquired | Total Checkouts | Date last seen | Price effective from | Koha item type |
|---|---|---|---|---|---|---|---|---|---|---|
| Kerala University of Digital Sciences, Innovation and Technology Knowledge Centre | Kerala University of Digital Sciences, Innovation and Technology Knowledge Centre | 20/06/2022 | 20/06/2022 | 20/06/2022 | E-Books |